[Event "Unterfranken-ch HA 51th"]
[Site "Sailauf"]
[Date "2000.04.25"]
[Round "3"]
[White "Kirchenmayer, Thomas"]
[Black "Proessler, Eduard"]
[Result "1-0"]
[WhiteElo "1341"]
[BlackElo "900"]
[PlyCount "56"]
[EventDate "2000.04.24"]
[EventType "swiss"]
[EventRounds "9"]
[EventCountry "GER"]
[SourceTitle "EXT 2015"]
[Source "ChessBase"]
[SourceDate "2014.11.20"]
[SourceVersion "1"]
[SourceVersionDate "2014.11.20"]
[SourceQuality "1"]

1. e4 Nf6 2. e5 Nd5 3. Bc4 c6 4. Nf3 b5 5. Bxd5 cxd5 6. 0-0 g6 7. d4 e6 8. Bg5 Qc7 9. Nc3 Ba6 10. Re1 h6 11. Bd2 Nc6 12. a4 Bb4 13. axb5 Bxb5 14. Nxb5 Qb7 15. Qe2 Bxd2 16. Nd6+ Kd8 17. Nxb7+ Kc8 18. Nd6+ Kd8 19. Qxd2 Rb8 20. Nxf7+ Ke7 21. Nxh8 Rxh8 22. c3 a5 23. b4 a4 24. Rxa4 d6 25. b5 Kd7 26. bxc6+ Kxc6 27. Qb2 Kc7 28. Ra7+ Kc8 1-0